000 00544nam a2200217Ia 4500
001 1552
003 GE_BSU
008 181216s||||||||xx |||||||||||||| ||und||
040 _cGE_BSU
080 _a621.22(075.32)
100 _aРабинович, Е.З.
245 _aГридравлика.
245 _bУчебник для нефтяных техникумов.
260 _aМ.
260 _bНедра.
260 _c1974.
300 _a296 стр. 21 см.
541 _h8л .
653 _aГидравлика.
942 _cBK
999 _c35679
_d35679